Advanced calculus (Record no. 3648)

MARC details
000 -LEADER
fixed length control field 00495nam a2200181Ia 4500
003 - CONTROL NUMBER IDENTIFIER
control field IN-BaIIA
008 - FIXED-LENGTH DATA ELEMENTS--GENERAL INFORMATION
fixed length control field 211028s9999 xx 000 0 eng d
040 ## - CATALOGING SOURCE
Transcribing agency IIA Library
080 ## - UNIVERSAL DECIMAL CLASSIFICATION NUMBER
Universal Decimal Classification number 514.74
Item number KAP
100 ## - MAIN ENTRY--PERSONAL NAME
Personal name Kaplan, Wilfred
9 (RLIN) 6465
245 #0 - TITLE STATEMENT
Title Advanced calculus
Statement of responsibility, etc. Wilfred Kaplan
260 ## - PUBLICATION, DISTRIBUTION, ETC.
Place of publication, distribution, etc. Massachusetts
Name of publisher, distributor, etc. Addison-Wesley
Date of publication, distribution, etc. 1952
300 ## - PHYSICAL DESCRIPTION
Extent xiii, 679p.
490 ## - SERIES STATEMENT
Series statement Addison-Wesley World Student Series
650 ## - SUBJECT ADDED ENTRY--TOPICAL TERM
Topical term or geographic name entry element Analytical Geometry
9 (RLIN) 1676
650 ## - SUBJECT ADDED ENTRY--TOPICAL TERM
Topical term or geographic name entry element Calculus
9 (RLIN) 1611
942 ## - ADDED ENTRY ELEMENTS (KOHA)
Koha item type Books
Holdings
Withdrawn status Lost status Damaged status Not for loan Home library Current library Shelving location Date acquired Cost, normal purchase price Total Checkouts Full call number Barcode Date last seen Cost, replacement price Price effective from Koha item type Purchase Price
        IIA Library-Bangalore IIA Library-Bangalore General Stacks 15/12/1970 34.20   514.74/ KAP 4072 05/11/2021 34.20 15/12/1970 Books Rs. 34.20

Powered by Koha